| 000 | 00470nam a2200157 a 4500 | ||
|---|---|---|---|
| 001 | 000035065 | ||
| 005 | 20200930074100.0 | ||
| 008 | 111024s1970 fr 000 0 spa d | ||
| 040 |
_aDO-SdBNP _bspa _cBNPHU |
||
| 082 | _aXXXX | ||
| 100 | 1 |
_aValles, Jules _960712 |
|
| 245 | 1 | 3 |
_aLe bachelier / _cJules Valles. |
| 260 |
_aParis : _bGarnier-Flammarion, _c1970. |
||
| 300 |
_a318 p. ; _c18 cm. |
||
| 590 | _aPerteneció a la biblioteca personal de Juan Isidro Jimenes Grullón | ||
| 999 |
_c34556 _d34556 |
||